|
|
|
|
| LEADER |
00000nam a2200000 a 4500 |
| 001 |
vtls001165644 |
| 003 |
SK-MaSNL |
| 005 |
20260301194438.0 |
| 008 |
250312s1966 xo slo |
| 035 |
|
|
|a SNK000108623
|
| 035 |
|
|
|a urn:nbn:sk:snk-amlqma
|
| 035 |
|
|
|a urn:nbn:sk:snk-am00c277
|
| 035 |
|
|
|a EBA58902-457E-4FCC-B729-7FFF3988A87C
|
| 040 |
|
|
|a SNK
|b slo
|c SNK
|e AACR2
|
| 041 |
0 |
|
|a slo
|
| 044 |
|
|
|a xo
|c SK
|
| 100 |
1 |
|
|a Balzac, Honoré de,
|d 1799-1850
|4 aut
|9 105284
|
| 245 |
1 |
0 |
|a Rozmarné poviedky
|c Honoré de Balzac ; Prel. Blahoslav Hečko ; Ilustr. Gustáv Dobrý
|
| 250 |
|
|
|a 3. vyd.
|
| 260 |
|
|
|a Bratislava
|b Slovenský spisovateľ
|c 1966
|e S.l.Polygraf. záv.
|f Polygraf. záv.
|
| 300 |
|
|
|a 285, [3] s.
|c 8°
|
| 700 |
1 |
|
|a Hečko, Blahoslav,
|d 1915-2002
|4 trl
|9 105189
|
| 700 |
1 |
|
|a Dobrý, Gustáv
|4 ill
|9 575032
|
| 852 |
|
|
|a Slovenská národná knižnica
|
| 958 |
|
|
|a RK
|
| 958 |
|
|
|a OND
|
| 968 |
|
|
|d Výber z franc. orig.
|
| 999 |
|
|
|c 881920
|d 883850
|
| 952 |
|
|
|t P60, <05>, [BOOK], {605}
|a SNK
|b SNK
|y PREZ
|7 0
|p 17A0304777
|o snkSD 30303 D1
|0 0
|1 0
|4 0
|d 2001-06-09
|l 0
|r 2005-01-01 00:00:00
|w 2026-02-24
|
| 952 |
|
|
|a SNK
|b SNK
|y PREZ
|7 0
|p 17A0822213
|o snkSD 30303
|0 0
|1 0
|4 0
|d 2013-08-07
|f 1
|l 0
|r 2026-02-24 06:18:38
|w 2026-02-24
|